[Event "NED-ch 1989"]
[Site "Hilversum"]
[Date "1989.??.??"]
[Round "7"]
[White "Van der Wiel, John"]
[Black "Gelpke, Peter"]
[Result "1/2-1/2"]
[WhiteElo "2560"]
[BlackElo "2395"]
[PlyCount "99"]
[EventDate "1989.04.??"]
[Source "ChessBase"]
[SourceDate "1996.11.15"]

1. e4 c6 2. d4 d5 3. Nd2 dxe4 4. Nxe4 Nd7 5. c3 Ngf6 6. Nxf6+ Nxf6 7. Bc4 e6 8.
Nf3 Bd6 9. Bg5 Qc7 10. Qe2 h6 11. Bxf6 gxf6 12. Nh4 Bd7 13. Qh5 a5 14. O-O b5
15. Bd3 Bxh2+ 16. Kh1 Bf4 17. Rfe1 Kf8 18. g3 Bg5 19. f4 Bxh4 20. Qxh4 Ke7 21.
Re5 Rag8 22. Rh5 Qb8 23. Re1 Rg7 24. Re3 Qg8 25. Bf5 a4 26. Kh2 a3 27. b4 Qa8
28. Bc2 Rgg8 29. Kg1 Qf8 30. c4 bxc4 31. Rxa3 Qb8 32. Re3 Qxb4 33. Rf5 Rg6 34.
Rfe5 c3 35. Bxg6 fxg6 36. Rc5 Qxd4 37. Rcxc3 Rb8 38. Rcd3 Qa1+ 39. Kf2 Rb2+ 40.
Re2 Rxe2+ 41. Kxe2 Qxa2+ 42. Ke3 Qa7+ 43. Ke2 Qa2+ 44. Ke3 h5 45. g4 Qa5 46.
gxh5 Qc5+ 47. Kd2 Qxh5 48. Qg3 c5 49. f5 e5 50. fxg6 1/2-1/2

[Event "NED-ch 1989"]
[Site "Hilversum"]
[Date "1989.??.??"]
[Round "8"]
[White "Gelpke, Peter"]
[Black "Blees, Albert"]
[Result "0-1"]
[WhiteElo "2395"]
[BlackElo "2345"]
[PlyCount "86"]
[EventDate "1989.04.??"]
[Source "ChessBase"]
[SourceDate "1996.11.15"]

1. d4 Nf6 2. c4 g6 3. Nc3 Bg7 4. e4 d6 5. f3 O-O 6. Bg5 c5 7. d5 e6 8. Qd2 exd5
9. cxd5 h6 10. Be3 a6 11. a4 Re8 12. Be2 Nh7 13. h4 h5 14. g4 hxg4 15. h5 Nd7
16. hxg6 fxg6 17. f4 Ndf6 18. Bd3 Rb8 19. Qh2 Nf8 20. Nge2 b5 21. axb5 axb5 22.
Ng3 c4 23. Bc2 b4 24. Nd1 Qc7 25. O-O Bd7 26. Qh4 Ra8 27. Rc1 Qd8 28. f5 gxf5
29. Nxf5 Bxf5 30. Rxf5 Ng6 31. Qg3 Ne5 32. Kg2 Rf8 33. Nf2 Ra2 34. Bd4 c3 35.
bxc3 b3 36. Bb1 Re2 37. Kf1 Rb2 38. c4 Rxb1 39. Rxb1 Nxe4 40. Rxf8+ Qxf8 41.
Qg2 Nd2+ 42. Ke2 Nxb1 43. Nxg4 Qf4 0-1

[Event "NED-ch 1989"]
[Site "Hilversum"]
[Date "1989.??.??"]
[Round "8"]
[White "Kuijf, Rini"]
[Black "Cuijpers, Frans"]
[Result "1-0"]
[WhiteElo "2485"]
[BlackElo "2405"]
[PlyCount "59"]
[EventDate "1989.04.??"]
[Source "ChessBase"]
[SourceDate "1996.11.15"]

1. e4 d6 2. d4 Nf6 3. Nc3 g6 4. f4 Bg7 5. a3 O-O 6. Nf3 Nc6 7. d5 Nb8 8. Bd3 c6
9. dxc6 Nxc6 10. O-O Qa5 11. Bd2 Bg4 12. Kh1 Rac8 13. Qe1 Bxf3 14. Rxf3 Nd4 15.
Rh3 Qc5 16. Be3 e6 17. Qh4 h5 18. Na4 Qc6 19. Bxd4 Nxe4 20. Bxg7 Kxg7 21. Re1
Nf6 22. Nc3 Ng4 23. Rf3 e5 24. Be4 Qb6 25. f5 Qxb2 26. Nd1 Qc1 27. fxg6 Qd2 28.
Ref1 f5 29. Qe7+ Kxg6 30. Rxf5 1-0

[Event "NED-ch 1989"]
[Site "Hilversum"]
[Date "1989.??.??"]
[Round "8"]
[White "Nijboer, Friso"]
[Black "Van der Wiel, John"]
[Result "0-1"]
[WhiteElo "2445"]
[BlackElo "2560"]
[PlyCount "114"]
[EventDate "1989.04.??"]
[Source "ChessBase"]
[SourceDate "1996.11.15"]

1. e4 c5 2. Nf3 Nc6 3. d4 cxd4 4. Nxd4 e5 5. Nb5 d6 6. N1c3 a6 7. Na3 b5 8. Nd5
Nf6 9. Nxf6+ Qxf6 10. c4 Qg6 11. Qd5 Bb7 12. cxb5 Nd8 13. Qc4 axb5 14. Nxb5 Rc8
15. Qa4 Bc6 16. Qc2 Qxe4+ 17. Qxe4 Bxe4 18. Bd2 Ba8 19. Bb4 Kd7 20. Be2 d5 21.
Bxf8 Rxf8 22. Kd2 Ne6 23. Rhc1 d4 24. g3 Bd5 25. f4 exf4 26. gxf4 Nxf4 27. Rxc8
Rxc8 28. Bg4+ Be6 29. Rf1 g5 30. Bxe6+ Kxe6 31. Nxd4+ Ke5 32. Nf3+ Kf5 33. a4
Ra8 34. Ra1 g4 35. Nd4+ Ke4 36. Nb5 Rd8+ 37. Kc2 Nd5 38. Nc3+ Nxc3 39. Kxc3 f5
40. b4 f4 41. b5 f3 42. a5 f2 43. a6 Ra8 44. Kb4 h5 45. Rf1 Ke3 46. Kc5 h4 47.
Rxf2 Kxf2 48. b6 g3 49. hxg3 hxg3 50. b7 Rg8 51. a7 g2 52. b8=Q g1=Q 53. a8=Q
Qc1+ 54. Kb6 Rg6+ 55. Ka7 Qc5+ 56. Kb7 Qc6+ 57. Ka7 Qa6# 0-1

[Event "NED-ch 1989"]
[Site "Hilversum"]
[Date "1989.??.??"]
[Round "8"]
[White "Van der Sterren, Paul"]
[Black "Langeweg, Kick"]
[Result "1-0"]
[WhiteElo "2500"]
[BlackElo "2365"]
[PlyCount "75"]
[EventDate "1989.04.??"]
[Source "ChessBase"]
[SourceDate "1996.11.15"]

1. d4 Nf6 2. c4 e6 3. Nf3 b6 4. g3 Ba6 5. b3 d5 6. Bg2 dxc4 7. Ne5 Bb4+ 8. Kf1
Nfd7 9. Bxa8 Nxe5 10. bxc4 O-O 11. Ba3 c5 12. Bxb4 cxb4 13. a3 Nbc6 14. Bxc6
Nxc6 15. axb4 Bxc4 16. Na3 Bd5 17. f3 Nxb4 18. Qd2 a5 19. Kf2 f5 20. Rhc1 f4
21. Nc4 Qg5 22. Kg2 Bxc4 23. Rxc4 Nd5 24. Kh1 Ne3 25. Rc3 h6 26. Rg1 Nd5 27.
gxf4 Qxf4 28. Qxf4 Rxf4 29. Rc8+ Rf8 30. Rc6 b5 31. Rxe6 a4 32. e4 Nc3 33. d5
a3 34. d6 Rd8 35. e5 b4 36. Reg6 b3 37. Rxg7+ Kh8 38. e6 1-0

[Event "NED-ch 1989"]
[Site "Hilversum"]
[Date "1989.??.??"]
[Round "9"]
[White "Blees, Albert"]
[Black "Nijboer, Friso"]
[Result "0-1"]
[WhiteElo "2345"]
[BlackElo "2445"]
[PlyCount "54"]
[EventDate "1989.04.??"]
[Source "ChessBase"]
[SourceDate "1996.11.15"]

1. d4 Nf6 2. Nf3 g6 3. Bg5 Bg7 4. Nbd2 c5 5. Bxf6 Bxf6 6. Ne4 Bxd4 7. Nxd4 cxd4
8. Qxd4 O-O 9. Qd2 d5 10. O-O-O Nc6 11. Qxd5 Qc7 12. Qc5 Be6 13. e3 Bxa2 14. b3
a5 15. Bb5 a4 16. Kb2 axb3 17. cxb3 Rfc8 18. Bxc6 bxc6 19. Ra1 Ra5 20. Qc3 Rca8
21. Nd2 Qa7 22. Rhc1 Rb8 23. Qc4 Rd5 24. Rc2 Ra5 25. Qxc6 Bxb3 26. Rxa5 Bxc2+
27. Rb5 Ba4 0-1

[Event "NED-ch 1989"]
[Site "Hilversum"]
[Date "1989.??.??"]
[Round "9"]
[White "Brenninkmeijer, Joris"]
[Black "Van der Sterren, Paul"]
[Result "1/2-1/2"]
[WhiteElo "2415"]
[BlackElo "2500"]
[PlyCount "47"]
[EventDate "1989.04.??"]
[Source "ChessBase"]
[SourceDate "1996.11.15"]

1. d4 d5 2. Nf3 Nf6 3. c4 e6 4. Nc3 Be7 5. Bg5 h6 6. Bxf6 Bxf6 7. e3 O-O 8. Qb3
dxc4 9. Qxc4 a6 10. Ne4 Be7 11. Bd3 Bd7 12. O-O Bb5 13. Qc2 Bxd3 14. Qxd3 Nd7
15. Rfc1 c6 16. b4 Qb6 17. Rab1 Rfd8 18. Qb3 Rac8 19. Nc5 Qa7 20. Nxd7 Rxd7 21.
Ne5 Rd5 22. Nc4 Rcd8 23. Qc3 Bf6 24. g3 1/2-1/2

[Event "NED-ch 1989"]
[Site "Hilversum"]
[Date "1989.??.??"]
[Round "9"]
[White "Cuijpers, Frans"]
[Black "Gelpke, Peter"]
[Result "1/2-1/2"]
[WhiteElo "2405"]
[BlackElo "2395"]
[PlyCount "54"]
[EventDate "1989.04.??"]
[Source "ChessBase"]
[SourceDate "1996.11.15"]

1. e4 c6 2. d4 d5 3. Nc3 dxe4 4. Nxe4 Nd7 5. Ng5 Ngf6 6. Bd3 e6 7. N1f3 Bd6 8.
O-O h6 9. Ne4 Nxe4 10. Bxe4 Qc7 11. c3 b6 12. Re1 Bb7 13. Bc2 Rd8 14. Ne5 Nxe5
15. dxe5 Bxe5 16. Qh5 Rd5 17. c4 Rc5 18. b4 g6 19. Bxg6 fxg6 20. Qxg6+ Qf7 21.
Qxf7+ Kxf7 22. Rxe5 Rxe5 23. Bb2 Re4 24. Bxh8 Rxc4 25. Rb1 Rc2 26. a3 Ba6 27.
f3 Bc4 1/2-1/2

[Event "NED-ch 1989"]
[Site "Hilversum"]
[Date "1989.??.??"]
[Round "9"]
[White "Langeweg, Kick"]
[Black "Kuijf, Rini"]
[Result "0-1"]
[WhiteElo "2365"]
[BlackElo "2485"]
[PlyCount "108"]
[EventDate "1989.04.??"]
[Source "ChessBase"]
[SourceDate "1996.11.15"]

1. d4 d5 2. c4 c6 3. Nc3 Nf6 4. cxd5 cxd5 5. Bf4 Nc6 6. e3 Bf5 7. Qb3 Na5 8.
Bb5+ Bd7 9. Bxd7+ Qxd7 10. Qb5 Nc6 11. Nf3 e6 12. O-O Be7 13. Rac1 a6 14. Qd3
b5 15. a4 Nb4 16. Qd1 O-O 17. Ne5 Qb7 18. axb5 axb5 19. Qe2 Ra5 20. Ra1 Rfa8
21. Rxa5 Rxa5 22. Rc1 h6 23. h3 Nd7 24. Nf3 Nc6 25. Qc2 Ra6 26. Nb1 Bf8 27.
Nbd2 Nf6 28. Nb3 Ne4 29. Ne5 Nxe5 30. Bxe5 Ra4 31. Qc8 Qxc8 32. Rxc8 f6 33. Bh2
Rb4 34. f3 Rxb3 35. fxe4 Kf7 36. Rc7+ Kg6 37. exd5 exd5 38. Rc8 Bb4 39. Rd8 Bd2
40. Bf4 Kf5 41. Rxd5+ Ke4 42. Rd6 g5 43. Bg3 Bxe3+ 44. Bf2 Bxf2+ 45. Kxf2 Rxb2+
46. Kg3 f5 47. Re6+ Kxd4 48. Rxh6 b4 49. h4 f4+ 50. Kh3 Rb3+ 51. Kh2 gxh4 52.
Rxh4 Ke4 53. Rh8 Rc3 54. Re8+ Kd3 0-1

[Event "NED-ch 1989"]
[Site "Hilversum"]
[Date "1989.??.??"]
[Round "9"]
[White "Van der Wiel, John"]
[Black "Vanheste, Jeroen"]
[Result "1/2-1/2"]
[WhiteElo "2560"]
[BlackElo "2410"]
[PlyCount "72"]
[EventDate "1989.04.??"]
[Source "ChessBase"]
[SourceDate "1996.11.15"]

1. e4 e6 2. d4 d5 3. Nd2 Nf6 4. e5 Nfd7 5. c3 c5 6. Bd3 Nc6 7. Ne2 a5 8. O-O
cxd4 9. cxd4 Nb6 10. Nf3 Bd7 11. Bg5 Be7 12. Bxe7 Qxe7 13. Rc1 Rc8 14. a3 a4
15. Qd2 f5 16. exf6 Qxf6 17. Qe3 O-O 18. Ng5 g6 19. f4 h6 20. Nf3 Ne7 21. Ne5
Nf5 22. Qd2 Bc6 23. g4 Nh4 24. Ng3 Nc4 25. Bxc4 dxc4 26. Rxc4 Bg2 27. Rxc8 Rxc8
28. g5 Qd8 29. Nxg6 Bxf1 30. Nxh4 hxg5 31. fxg5 Bh3 32. Ne4 Qc7 33. Qc3 Qxc3
34. bxc3 Bf5 35. Nc5 b6 36. Nxa4 Bc2 1/2-1/2

[Event "NED-ch 1989"]
[Site "Hilversum"]
[Date "1989.??.??"]
[Round "10"]
[White "Douven, Rudy"]
[Black "Van der Wiel, John"]
[Result "0-1"]
[WhiteElo "2445"]
[BlackElo "2560"]
[PlyCount "106"]
[EventDate "1989.04.??"]
[Source "ChessBase"]
[SourceDate "1996.11.15"]

1. d4 Nf6 2. c4 e6 3. Nf3 b6 4. g3 Bb7 5. Bg2 Be7 6. Nc3 Ne4 7. Bd2 Bf6 8. Rc1
Bxd4 9. Nxd4 Nxc3 10. Bxc3 Bxg2 11. Rg1 Bb7 12. Qd3 O-O 13. g4 Qg5 14. Rd1 d6
15. Qg3 Nd7 16. f4 Qe7 17. g5 Be4 18. Qe3 f5 19. gxf6 Nxf6 20. f5 Rae8 21. fxe6
a6 22. Qg5 Bg6 23. Rd3 c5 24. Nf5 Qxe6 25. Re3 Qxf5 26. Qxf5 Bxf5 27. Bxf6 g6
28. Rxe8 Rxe8 29. Rg3 Be6 30. b3 b5 31. cxb5 axb5 32. Bg5 Ra8 33. Be7 Ra6 34.
Rd3 c4 35. Rxd6 cxb3 36. axb3 Rxd6 37. Bxd6 Bxb3 38. e4 Kf7 39. Kd2 g5 40. Kc3
Bc4 41. Kd4 Kg6 42. Ke5 h5 43. Bb4 h4 44. Be7 Kh5 45. Kf5 g4 46. Bd6 Be2 47.
Kf4 Bd1 48. Ke3 g3 49. hxg3 h3 50. g4+ Kxg4 51. Kd4 Kf3 52. Bh2 Kg2 53. Bf4 Bh5
0-1

[Event "NED-ch 1989"]
[Site "Hilversum"]
[Date "1989.??.??"]
[Round "10"]
[White "Kuijf, Rini"]
[Black "Gelpke, Peter"]
[Result "1-0"]
[WhiteElo "2485"]
[BlackElo "2395"]
[PlyCount "87"]
[EventDate "1989.04.??"]
[Source "ChessBase"]
[SourceDate "1996.11.15"]

1. e4 c6 2. d4 d5 3. exd5 cxd5 4. c4 Nf6 5. Nc3 e6 6. Nf3 Be7 7. cxd5 Nxd5 8.
Bd3 O-O 9. h4 f5 10. Bg5 Nc6 11. Rc1 Bf6 12. Bc4 Nb6 13. Bxf6 Qxf6 14. Bb3 Bd7
15. O-O Rad8 16. Re1 Bc8 17. Ne2 Kh8 18. Qc2 Rd6 19. Qc5 Rfd8 20. g3 Nd5 21.
Ne5 b6 22. Qa3 Nde7 23. Nf4 Nxd4 24. Qxa7 Ndc6 25. Nxc6 Nxc6 26. Qa3 h6 27. Bd1
e5 28. Ng2 Bb7 29. Bf3 e4 30. Bh5 Ne5 31. Rc7 R6d7 32. Qc3 Rxc7 33. Qxc7 Rd7
34. Qb8+ Kh7 35. Nf4 g5 36. Rd1 Nd3 37. Bg6+ Kg7 38. Nh5+ Kxg6 39. Nxf6 Kxf6
40. Qf8+ Kg6 41. Qe8+ Rf7 42. h5+ Kg7 43. Qe6 f4 44. Qg6+ 1-0

[Event "NED-ch 1989"]
[Site "Hilversum"]
[Date "1989.??.??"]
[Round "10"]
[White "Langeweg, Kick"]
[Black "Brenninkmeijer, Joris"]
[Result "1/2-1/2"]
[WhiteElo "2365"]
[BlackElo "2415"]
[PlyCount "68"]
[EventDate "1989.04.??"]
[Source "ChessBase"]
[SourceDate "1996.11.15"]

1. d4 d5 2. c4 c6 3. Nc3 Nf6 4. cxd5 cxd5 5. Bf4 Nc6 6. e3 Bf5 7. Qb3 Na5 8.
Bb5+ Bd7 9. Bxd7+ Qxd7 10. Qb5 Nc6 11. Nf3 e6 12. O-O Be7 13. Rfc1 O-O 14. Ne5
Nxe5 15. dxe5 Qxb5 16. Nxb5 Ne8 17. Nd4 Bd8 18. Rc2 g5 19. Bg3 Ng7 20. f3 Bb6
21. Rac1 Nf5 22. Nxf5 exf5 23. Bf2 Rad8 24. Rd1 f6 25. exf6 Kf7 26. Rcd2 Kxf6
27. e4 dxe4 28. Bxb6 Rxd2 29. Rxd2 axb6 30. fxe4 Rc8 31. exf5 Kxf5 32. Kf2 Ke6
33. Kf3 h5 34. Kg3 Rc4 1/2-1/2

[Event "NED-ch 1989"]
[Site "Hilversum"]
[Date "1989.??.??"]
[Round "10"]
[White "Nijboer, Friso"]
[Black "Cuijpers, Frans"]
[Result "1-0"]
[WhiteElo "2445"]
[BlackElo "2405"]
[PlyCount "63"]
[EventDate "1989.04.??"]
[Source "ChessBase"]
[SourceDate "1996.11.15"]

1. e4 d6 2. d4 Nf6 3. Nc3 g6 4. f4 Bg7 5. Nf3 O-O 6. Bd3 Nc6 7. O-O e5 8. fxe5
dxe5 9. d5 Ne7 10. Nxe5 Nfxd5 11. Nxf7 Nxc3 12. bxc3 Rxf7 13. Rxf7 Kxf7 14.
Bc4+ Be6 15. Qf1+ Bf6 16. Bxe6+ Kxe6 17. Qc4+ Kd7 18. Bf4 Ke8 19. Rf1 b5 20.
Qe6 Bd4+ 21. Kh1 Qc8 22. Qb3 Bf6 23. e5 Bg7 24. Bg5 Nf5 25. Qg8+ Kd7 26. Qd5+
Ke8 27. g4 Rb8 28. gxf5 gxf5 29. Qg8+ Bf8 30. e6 Qb7+ 31. Kg1 Qb6+ 32. Rf2 1-0

[Event "NED-ch 1989"]
[Site "Hilversum"]
[Date "1989.??.??"]
[Round "10"]
[White "Vanheste, Jeroen"]
[Black "Blees, Albert"]
[Result "1-0"]
[WhiteElo "2410"]
[BlackElo "2345"]
[PlyCount "39"]
[EventDate "1989.04.??"]
[Source "ChessBase"]
[SourceDate "1996.11.15"]

1. Nf3 d6 2. d4 Bg4 3. e4 e6 4. c4 Nf6 5. Nc3 Be7 6. Be2 O-O 7. O-O d5 8. exd5
exd5 9. Qb3 Bxf3 10. Bxf3 Nc6 11. Bxd5 Nxd4 12. Qxb7 c6 13. Be3 Nc2 14. Qxc6
Rc8 15. Qa6 Nxa1 16. Rxa1 Nxd5 17. Nxd5 Bc5 18. Bxc5 Rxc5 19. b4 Rc8 20. Qxc8
1-0

[Event "NED-ch 1989"]
[Site "Hilversum"]
[Date "1989.??.??"]
[Round "11"]
[White "Blees, Albert"]
[Black "Douven, Rudy"]
[Result "0-1"]
[WhiteElo "2345"]
[BlackElo "2445"]
[PlyCount "80"]
[EventDate "1989.04.??"]
[Source "ChessBase"]
[SourceDate "1996.11.15"]

1. d4 Nf6 2. c4 e6 3. Nc3 Bb4 4. e3 O-O 5. Bd3 d5 6. Nge2 c5 7. a3 Bxc3+ 8.
bxc3 dxc4 9. Bxc4 Qc7 10. Bd3 e5 11. O-O Nc6 12. Qc2 Be6 13. Bb2 Rfd8 14. Ng3
h6 15. Rac1 c4 16. Be2 Kh8 17. Rcd1 Qb6 18. f4 e4 19. f5 Bd5 20. a4 Na5 21. Ba3
Qb3 22. Qc1 Rd7 23. Rd2 Qxa4 24. Ra2 Nb3 25. Qe1 Qc6 26. Rf4 a5 27. Nh5 b5 28.
Qg3 Nxh5 29. Bxh5 Qf6 30. Raf2 b4 31. cxb4 axb4 32. Bxb4 Nc1 33. Rf1 Nd3 34.
Bc3 Ra3 35. Be1 c3 36. Rg4 c2 37. Bd2 Rb3 38. Rxg7 Qxg7 39. Qh3 Rb1 40. f6 Qxf6
0-1

[Event "NED-ch 1989"]
[Site "Hilversum"]
[Date "1989.??.??"]
[Round "11"]
[White "Cuijpers, Frans"]
[Black "Vanheste, Jeroen"]
[Result "1/2-1/2"]
[WhiteElo "2405"]
[BlackElo "2410"]
[PlyCount "94"]
[EventDate "1989.04.??"]
[Source "ChessBase"]
[SourceDate "1996.11.15"]

1. e4 c5 2. Nf3 e6 3. d4 cxd4 4. Nxd4 Nf6 5. Nc3 d6 6. Be2 Be7 7. O-O O-O 8. f4
a6 9. a4 Nc6 10. Be3 Qc7 11. Kh1 Re8 12. Bf3 Rb8 13. Qd2 Bd7 14. Nb3 b6 15. Bf2
Bc8 16. Bg3 Nd7 17. e5 dxe5 18. fxe5 Bb7 19. Rae1 Rf8 20. Qe2 Nc5 21. Nxc5 bxc5
22. Be4 Nd4 23. Qh5 g6 24. Qh3 Nf5 25. Bf4 Bxe4 26. Nxe4 Rb4 27. b3 h5 28. Bd2
Rd4 29. Bc3 Rd5 30. Ng3 Nxg3+ 31. Qxg3 Qd8 32. Qf3 Bg5 33. Re4 Qd7 34. Qe2 Qb7
35. Rc4 Rfd8 36. Qf3 Qd7 37. g3 Bh6 38. Kg2 Qe7 39. Rf2 R8d7 40. Qe4 Qg5 41.
Qf4 Qxf4 42. gxf4 Bf8 43. Re2 Be7 44. Kf3 Kf8 45. Be1 Rd4 46. Rxd4 Rxd4 47. Bf2
Rd5 1/2-1/2

[Event "NED-ch 1989"]
[Site "Hilversum"]
[Date "1989.??.??"]
[Round "11"]
[White "Piket, Jeroen"]
[Black "Langeweg, Kick"]
[Result "0-1"]
[WhiteElo "2500"]
[BlackElo "2365"]
[PlyCount "78"]
[EventDate "1989.04.??"]
[Source "ChessBase"]
[SourceDate "1996.11.15"]

1. d4 Nf6 2. Nf3 e6 3. c4 b6 4. Nc3 Bb7 5. a3 d5 6. Bg5 Be7 7. Bxf6 Bxf6 8.
cxd5 exd5 9. Qb3 O-O 10. Rd1 Re8 11. e3 c6 12. Bd3 Nd7 13. O-O Nf8 14. e4 g6
15. Qa4 dxe4 16. Bxe4 Qd6 17. h3 Bg7 18. b4 Re7 19. b5 cxb5 20. Nxb5 Qf4 21.
Bxb7 Rxb7 22. Qa6 Rd7 23. Rc1 Ne6 24. Rfd1 Qf5 25. a4 Rad8 26. Rc8 Rxc8 27.
Qxc8+ Rd8 28. Qc6 a6 29. Nd6 Qf4 30. Nb7 Nxd4 31. Nxd4 Rxd4 32. Re1 Rd2 33.
Qc8+ Bf8 34. Rf1 Qxa4 35. Qc7 Qd4 36. Qc8 a5 37. Qc6 a4 38. Kh1 a3 39. Qf3 a2
0-1

[Event "NED-ch 1989"]
[Site "Hilversum"]
[Date "1989.??.??"]
[Round "11"]
[White "Van der Wiel, John"]
[Black "Van der Sterren, Paul"]
[Result "1/2-1/2"]
[WhiteElo "2560"]
[BlackElo "2500"]
[PlyCount "46"]
[EventDate "1989.04.??"]
[Source "ChessBase"]
[SourceDate "1996.11.15"]

1. e4 c5 2. Nf3 d6 3. d4 cxd4 4. Nxd4 Nf6 5. Nc3 a6 6. Be2 e5 7. Nb3 Be7 8. O-O
O-O 9. Kh1 Be6 10. f4 exf4 11. Nd4 Qc7 12. Bxf4 Nbd7 13. Nf5 Bxf5 14. exf5 Ne5
15. Qd4 Rac8 16. Rad1 Qc5 17. a3 h6 18. h3 Rfe8 19. Bg3 Qxd4 20. Rxd4 Nc6 21.
Rdd1 Ne5 22. Rd4 Nc6 23. Rdd1 Ne5 1/2-1/2